Kaštánek /
Dvojice policejních vyšetřovatelů, Naia Thulinová a Mark Hess, pátrá po vrahovi žen, který u svých obětí zanechává panáčky z kaštanů.
Uloženo v:
| Série: | Naia Thulinová,
část 1 |
|---|---|
| Hlavní autor: | |
| Další autoři: | |
| Médium: | E-kniha |
| Jazyk: | Czech |
| Vydáno: |
Praha :
Kniha Zlin,
2019
|
| Vydání: | Vydání první |
| Edice: | Thrill
|
| Témata: | |
| Příbuzné jednotky: | Z cyklu::
Naia Thulinová |
| Tagy: |
Žádné tagy |
| LEADER | 02589nam a2200493 i 4500 | ||
|---|---|---|---|
| 001 | 311040 | ||
| 003 | CZ PrSKC | ||
| 005 | 20260601215658.0 | ||
| 007 | ta | ||
| 008 | 190426s2019 xr e 000 f cze | ||
| 015 | |a cnb003093823 | ||
| 020 | |a 9788074737732 |q (vázáno) | ||
| 035 | |a (OCoLC)1104142565 | ||
| 040 | |a ABG001 |b cze |d ABA001 |e rda | ||
| 041 | 1 | |a cze |h dan | |
| 072 | 7 | |a 821.11 |x Germánské literatury |2 Konspekt | |
| 080 | |a 821.113.4-31 |2 MRF | ||
| 080 | |a (0:82-312.4) |2 MRF | ||
| 100 | 1 | |a Sveistrup, Søren, |d 1968- |7 xx0180375 |4 aut | |
| 240 | 1 | 0 | |a Kastanjemanden. |l Česky |
| 245 | 1 | 0 | |a Kaštánek / |c Søren Sveistrup ; z dánského originálu Kastanjemanden ... přeložila Kristina Václavů |
| 250 | |a Vydání první | ||
| 264 | 1 | |a Praha : |b Kniha Zlin, |c 2019 | |
| 300 | |a 460 stran ; |c 22 cm | ||
| 336 | |a text |b txt |2 rdacontent | ||
| 337 | |a bez média |b n |2 rdamedia | ||
| 338 | |a svazek |b nc |2 rdacarrier | ||
| 490 | 1 | |a Thrill ; |v svazek 24 | |
| 520 | 2 | |a Dvojice policejních vyšetřovatelů, Naia Thulinová a Mark Hess, pátrá po vrahovi žen, který u svých obětí zanechává panáčky z kaštanů. |b Na předměstí Kodaně je nalezeno tělo umučené ženy. Nad mrtvou visí panáček z kaštanů. Zajímavé je, že figurka má na sobě otisk prstu zmizelé dívky, dcery ministryně sociálních věcí. Záhy je nalezena další zavražděná oběť a opět spolu s ní se objeví kaštanová figurka se stopou zmizelé, za mrtvou prohlášené dívky. Policejní vyšetřovatelé Thulinová a Hess hledají spojitost mezi dcerou ministryně, vraždami a jejich pachatelem. | |
| 655 | 7 | |a dánské romány |7 fd132169 |2 czenas | |
| 655 | 7 | |a detektivní romány |7 fd132010 |2 czenas | |
| 655 | 7 | |a thrillery (romány) |7 fd184206 |2 czenas | |
| 655 | 9 | |a Danish fiction |2 eczenas | |
| 655 | 9 | |a detective novels |2 eczenas | |
| 655 | 9 | |a thrillers (novels) |2 eczenas | |
| 700 | 1 | |a Václavů, Kristina |7 xx0138484 |4 trl | |
| 787 | 0 | 8 | |i Z cyklu: |t Naia Thulinová |g 1 |w (CZ-CtDS)3572705e-7978-567f-adfb-d30b6e36f275 |
| 830 | 0 | |a Thrill | |
| 900 | |a ABA001 |b 20 | ||
| 928 | 9 | |a Albatros Media - Kniha Zlin | |
| 044 | |a xr | ||
| 910 | |a RBIT002 | ||
| 998 | |d 184688 |a https://core.palmknihy.cz/api/books/184688/cover?pqebvr |b https://core.palmknihy.cz/api/books/184688/cover/400?pqebvr |c https://core.palmknihy.cz/api/books/184688/cover/50?pqebvr |e 2029-10-09 |g 464 |i 9788074737732 |j https://core.palmknihy.cz/api/books/184688/preview.epub |k https://core.palmknihy.cz/api/books/184688/preview.pdf |l |q 49 |r 1 |s https://www.palmknihy.cz/kniha/184688 |t ebook |y 2019 |z 0 | ||
| 999 | |d 311038 | ||